000 00221nam a2200121Ia 4500
100 _a#N/A
942 _cBK
245 _aModelling Semiconductors
260 _b#N/A
082 _b22561
546 _aENGLISH
999 _c28421
_d28421